000 00308pab a2200121 454500
008 180718b xxu||||| |||| 00| 0 eng d
100 _aChakravarthy, Nikhil
245 _aFactors behind Jharkhand issue
650 _a Jharkhand
650 _aBihar - Politics and Government
773 _aTribune
909 _a22512
999 _c22512
_d22512